000 00279nam a2200109Ia 4500
005 20251222141942.0
008 251222s9999||||xx |||||||||||||| ||spa||
082 _a320.8/A81/T.2
245 0 _aDesarrollo y Gobienos Locales
264 _bAsociación Civil Transparencia
942 _cLIB
999 _c9385
_d9385